|
|
|
|
| LEADER |
00000nab a2200000 a 4500 |
| 001 |
vtls000694962 |
| 003 |
SK-MaSNL |
| 005 |
20260304085930.0 |
| 008 |
250425c1999 xo 0 slo |
| 015 |
|
|
|a SNBRB1999/09-18957
|
| 035 |
|
|
|a CLN000047129
|
| 035 |
|
|
|a urn:nbn:sk:snk-ab1kcx
|
| 035 |
|
|
|a (urnnbn)urn:nbn:sk:snk:ar-004baz
|
| 035 |
|
|
|a (uuid)27fbc936-3962-400e-bf71-f49b25dbde00
|
| 040 |
|
|
|a SNKBUCL
|b slo
|c SNKBUCL
|e AACR2
|
| 041 |
0 |
|
|a slo
|
| 044 |
|
|
|a xo
|c SK
|
| 080 |
|
|
|a 630-051
|2 1997
|
| 080 |
|
|
|a 929 Rowland, Viliam
|2 1997
|
| 100 |
1 |
|
|a Zdycha, Pavel,
|d 1941-
|4 aut
|9 103734
|
| 245 |
1 |
0 |
|a Viliam Rowland
|b priekopník lesníckeho pokroku a ochranca prírody
|c Pavel Zdycha
|
| 300 |
|
|
|b Fotogr.
|
| 600 |
1 |
7 |
|a Rowland, Villiam,
|d 1814-1888
|2 snkbucl
|9 133927
|
| 655 |
|
7 |
|a články z novín a časopisov
|2 snkbucl
|9 267496
|
| 773 |
0 |
|
|t Historická revue
|g Roč. 10, č. 2 (1999), s. 30-31
|
| 850 |
|
|
|a Slovenská národná knižnica
|
| 852 |
|
|
|a Slovenská národná knižnica
|
| 954 |
|
|
|a odborná, vedecká literatúra pôvodná (slovenská)
|2 lita
|
| 958 |
|
|
|a article27
|
| 958 |
|
|
|a BX
|
| 958 |
|
|
|a SK
|
| 958 |
|
|
|a DE
|
| 958 |
|
|
|a OND
|
| 958 |
|
|
|a EUIPO
|
| 992 |
|
|
|a RBX
|
| 999 |
|
|
|c 2809713
|d 2811643
|